01008nam a2200193Ia 4500008004100000082001600041100001700057245003400074260003200108300000900140650001800149700001900167942001200186999001500198952015100213952015000364952015000514952015000664191201s2018 xx 000 0 und d a615.321 GOP aGOKHALE, SB  0aPharmacognosy of Animal drugs bNirali PubaNew delhic2018 aMISC aPharmacognosy a KALASKAR, M.G 2ddccBK c8298d8298 00102ddc40708DPaPIETbPIETd2019-03-26eKirti Prakashang150.00kIN 3106l0o615.321 GOPpDP407r2019-12-04 00:00:00v111.00w2019-03-12yREF 00102ddc40708DPaPIETbPIETd2019-03-26eKirti Prakashang150.00kIN 3106l0o615.321 GOPpDP408r2019-12-04 00:00:00v111.00w2019-03-12yBK 00102ddc40708DPaPIETbPIETd2019-03-26eKirti Prakashang150.00kIN 3106l0o615.321 GOPpDP409r2019-12-04 00:00:00v111.00w2019-03-12yBK 00102ddc40708DPaPIETbPIETd2019-03-26eKirti Prakashang150.00kIN 3106l0o615.321 GOPpDP410r2019-12-04 00:00:00v111.00w2019-03-12yBK